Представление документа в формате RUSMARC

ПолеНазваниеЗначение
  Тип записи a
  Библиографический уровень m
001 Контрольный номер 26286c5d468041749370b696459779ec
005 Дата корректировки 20200122160924.6
010 Индекс ISBN __
a ISBN 978-5-394-02464-1
101 Язык документа 0_
a Язык текста rus
102 Страна публикации __
a Страна публикации RU
200 Заглавие и сведения об ответственности 1_
a Заглавие Электронно-образовательные ресурсы в развитии информационного общества (обобщение и практика)
b Общее обозначение материала Текст
e Сведения, относящиеся к заглавию моногр.
f Первые сведения об ответственности В. А. Трайнев
210 Выходные данные 1_
a Место издания Москва
c Издательство Дашков и К
d Дата издания 2018
215 Физическое описание __
a Объем 256 с.
330 Аннотация __
a Аннотация В монографии проанализирована важная роль электронных образовательных ресурсов (ЭОР) в развивающемся информационном обществе России. Перечислены условия, при которых этот процесс можно было бы значительно ускорить. Одна из таких определяющих предпосылок - всемирное развитие и широкое внедрение в образовательную сферу страны ЭОР. Автор монографии подробно останавливается на природе этого нового для нас феномена и многочисленных примерах его эффективного использования в интеллектуальной среде обучения. Описана в порядке обобщения определенная работа Московского авиационного института (национального исследовательского университета) по созданию, внедрения и многочисленному использованию опыта этого вуза в виде образовательных электронных систем в цепочке "школа-вуз-наука-производство", а также других вузов в области электронного образования и информационных технологий разного уровня и конфигураций. Данная монография может быть широко использована студентами, аспирантами, специалистами и профессорско-преподавательским составом, занимающимися ЭОР с учетом их развития в информационном обществе.
610 Ключевые слова 0_
a Ключевые слова электронно-образовательные ресурсы
a Ключевые слова информационное общество
a Ключевые слова ЭОР
a Ключевые слова монография
686 Индексы других классификаций __
a Классификационный индекс 32.97
700 Автор _1
a Фамилия Трайнев
b Имя В. А.
g Полное личное имя Владимир Алексеевич
801 Источник записи _0
a Страна RU
b Организация РУК
c Дата составления 20200122
g Правила каталогизации PSBO
801 Источник записи _1
a Страна RU
b Организация РУК
g Правила каталогизации PSBO
852 Данные о местонахождении __
i Авторский знак Т 65
j Шифр хранения 32
901 Тип документа __
t Тип документа m
937 Технологическая информация __
a Создатель записи (имя) Мясникова
938 Служебная информация __
a Название организации Головной вуз
952 Тип литературы __
c Вид литературы монография